Land and power : the Zionist resort to force, 1881-1948
Αποθηκεύτηκε σε:
| Κύριος συγγραφέας: | |
|---|---|
| Άλλοι συγγραφείς: | |
| Μορφή: | Βιβλίο |
| Γλώσσα: | English |
| Δημοσίευση: |
New York, Oxford :
Oxford University Press,
1992
|
| Σειρά: | Studies in Jewish history
|
| Θέματα: | |
| Ετικέτες: |
Προσθήκη ετικέτας
Δεν υπάρχουν, Καταχωρήστε ετικέτα πρώτοι!
|
MARC
| LEADER | 00000nam a2200000 i 4500 | ||
|---|---|---|---|
| 001 | 1/60936 | ||
| 008 | 930908s eng d | ||
| 020 | |a 0-19-506104-7 | ||
| 035 | |a ΛΕΣΒΟΣb10000770 |l 10000770 | ||
| 040 | |a GR-MY-UA |b gre |e aacr | ||
| 041 | 0 | |a eng | |
| 082 | 0 | |a 320.54095694 | |
| 100 | 1 | |a Shapira, Anita. | |
| 245 | 1 | 0 | |a Land and power : |b the Zionist resort to force, 1881-1948 / |c Anita Shapira ; Translated by William Templer |
| 260 | |a New York, Oxford : |b Oxford University Press, |c 1992 | ||
| 300 | |a 370 p. | ||
| 490 | 1 | |a Studies in Jewish history | |
| 504 | |a Includes bibliographical references and index | ||
| 650 | 0 | 0 | |a Zionism |x Philosophy. |
| 650 | 0 | 0 | |a National characteristics, Israeli. |
| 650 | 0 | 0 | |a Jewish-Arab relations |y To 1917 |x Public opinion. |
| 650 | 0 | 0 | |a Jewish-Arab relations |y 1917-1949 |x Public opinion. |
| 650 | 0 | 0 | |a Jews |z Palestine |x Attitudes. |
| 650 | 0 | 0 | |a Public opinion |z Palestine. |
| 700 | 1 | |a Templer, William. |4 trl | |
| 830 | 0 | |a Studies in Jewish history | |
| 852 | |a INST |b LESVOS |e 19930908 |h 320.54095694 SHA |p 005100004493 |q 005100004493 |t BK |y 0 | ||
| 909 | |a Λ |b 025440 | ||